000 00292nam a22001337a 4500
008 181102b xxu||||| |||| 00| 0 eng d
020 _a9781559346481
041 _aeng
080 _a610
100 _a4
101 _aSHM
245 _aThe Moral Of The Story
_cNian.R
942 _2udc
_cBK
999 _c51608
_d51608